000 00673nam a2200277Ia 4500
005 20260324115842.0
008 008 260324s9999 xx 000 0 eng d
020 _a9781315368986
037 _aEBOOK
040 _aCRL
040 _beng
040 _cCRL
041 _2eng
041 _aeng
084 _qCRL
100 _aAgostino Nuzzolo; William H. K. Lam
_91156256
245 0 _aModelling Intelligent Multi-Modal Transit Systems
260 _bTaylor and Francis
260 _c2016
365 _a
365 _b370
856 _uhttp://www.taylorfrancis.com/books/9781315368986
942 _cEBOOK
999 _c1747440
_d1747440